01217 a2200193 45000010006000000050017000060080041000230030015000640400040000790800070001192450023001890200018002122500011002302640034002413000023002755050596002981000023008948560106009172167220260407155507.0260407a2004 arg spa dAR-UNSa-BCEJYS aAR-UNSa-BCEJYSbspacAR-UNSa-BCEJYS a336.226.2xImpuestos sobre las propiedades (Impuestos de sellos) 10aImpuesto de sellos a987-01-0279-4 a2a. ed 1aBuenos Aires :bErreparc2004 axx, 332 p.c21 cm. a1. Naturaleza del gravamen - 2. Hecho imponible del impuesto - 3. Base de imposición - 4. Actos de contenido singular o plural - 5. Eficacia de la ley de sellos en el tiempo y en el espacio - 6. Contratos entre ausentes - 7. Distintos supuestos del derecho obligacional - 8. Operaciones con inmuebles - 9. Obligaciones.accesorias - 10. Compraventa y cesión de derechos - 11. Pagos por subrogación - 12. Sociedades - 13. Otros instrumentos y operaciones - 13. Otros instrumentos y operaciones - 14. Operaciones de Bolsa - 15. Exenciones - 16. Ilícitos fiscales - 17. Consulta fiscal.1 aDíaz, Vicente O.41uhttps://biblioeco.unsa.edu.ar/pmb/images/libros/Impuesto de Sellos.jpgyImagen de portadaqimage/jpeg